Movies Quiz

Random Movies or Actress Quiz
Score 0/30 Timer 08:00
0 Plays Today
% Correct
Gal Gadot
96.4%
Mike Myers
96.4%
Lucy Liu
96.4%
Ryan Reynolds
94.5%
Emilio Estevez
94.5%
Chevy Chase
94.5%
David Duchovny
94.5%
Rene Russo
92.7%
Courteney Cox
90.9%
Lindsay Lohan
90.9%
Mandy Moore
87.3%
Vince Vaughn
87.3%
Michael Madsen
87.3%
Tessa Thompson
81.8%
Steven Seagal
81.8%
% Correct
Benjamin Bratt
81.8%
Kris Kristofferson
80%
Alan Alda
74.5%
Parker Posey
72.7%
Mads Mikkelsen
72.7%
Claudia Cardinale
70.9%
Pedro Pascal
65.5%
Greta Gerwig
61.8%
Giancarlo Giannini
60%
Miriam Margolyes
60%
Ralph Richardson
60%
Dorothy Dandridge
58.2%
Brenda Blethyn
54.5%
Frances Fisher
54.5%
Rachel Roberts
32.7%
Remove Ads.
Support Sporcle.
Get the best of Sporcle when you Go Orange. This ad-free experience offers more features, more stats, and more fun while also helping to support Sporcle. Thank you for becoming a member.

You're not logged in!

Compare scores with friends on all Sporcle quizzes.
OR
Log In

Sporcle TV

Today on Sporcle TV


Watch our educational content, quiz creation guides, and fun videos on Sporcle TV.

Show Comments

Extras

Top Quizzes Today


Score Distribution

Paid Content

Your Account Isn't Verified!

In order to create a playlist on Sporcle, you need to verify the email address you used during registration. Go to your Sporcle Settings to finish the process.

Report this User

Report this user for behavior that violates our Community Guidelines.

Details: